000 00362nam a2200133Ia 4500
008 231129s1980||||xx |||||||||||||| ||spa||
040 _bspa
082 _a759.9861 G516m
100 _aGiraldo Jaramillo Gabriel
245 0 _aLa miniatura la pintura y el grabado en Colombia
260 _c1980
264 _aInstituto Colombiano de cultura
942 _2ddc
_cBKS
999 _c17626
_d17626